| 000 | 01493nam a2200277Ia 4500 | ||
|---|---|---|---|
| 999 |
_c54129 _d54129 |
||
| 001 | 21184 | ||
| 003 | GE_BSU | ||
| 005 | 20191017121931.0 | ||
| 008 | 181216s2012||||ge |||||||||||||| ||geo|| | ||
| 020 | _a9789941434051 | ||
| 040 | _cGE_BSU | ||
| 041 | _ageo | ||
| 080 | _a004.2+004.451+004.7+004.312+004.315(075.8) ხ-56 | ||
| 100 |
_aხინიკაძე, თენგიზ _91838 |
||
| 245 |
_aკომპიუტერის არითმეტიკული და ლოგიკური საფუძვლები : _bსახელმძღვ. / _cთენგიზ ხინიკაძე ; რედ. გრიგოლ კახიანი. |
||
| 264 |
_aბათუმი : _bშოთა რუსთაველის სახელმწ. უნ-ტის გამ-ბა, _c2012. |
||
| 300 |
_a249 გვ. ; _bცხრ; _c22 სმ. |
||
| 501 | _a დანართები: გვ. 245-246. | ||
| 504 | _a ბიბლიოგრ.: გვ. 247. | ||
| 541 | _h4ლ.90თ. | ||
| 653 | _aკომპიუტერის არითმეტიკული მოწყობილობები; | ||
| 653 | _aკომპიუტერის ლოგიკური საფუძვლები; | ||
| 700 |
_aკახიანი, გრიგოლ _eრედაქტორი _91840 |
||
| 710 |
_aბათუმის შოთა რუსთაველის სახელმწ. უნ-ტი. _91536 |
||
| 942 |
_cBK _2udc |
||